000
00279nam a2200121Ia 4500
008
190216s9999||||xx |||||||||||||| ||und||
100
_a
Swami E K
245
0
_a
Easy Essays On Economics And Its Role
260
_b
Null
_c
1967
300
_a
159p
650
_a
Commerce
942
_c
BK
999
_c
4680
_d
4680